Cliquez sur les Paires de symboles - Mort subite - Statistiques

Statistiques générales
  • Ce quiz a été pris 65 990 fois
  • Le résultat moyen est 25 sur 60
Answers on the Grid
Answers color-coded by a green-red scale on the quiz's grid according to % correct below.
 
Statistiques - réponses
Réponse % Correct
63%
63%
60%
60%
60%
59%
58%
58%
56%
56%
54%
54%
52%
52%
44%
44%
44%
43%
43%
43%
43%
43%
42%
42%
41%
41%
40%
40%
40%
39%
39%
39%
38%
38%
38%
38%
37%
37%
37%
37%
36%
36%
36%
36%
35%
35%
32%
32%
31%
31%
31%
31%
30%
30%
30%
30%
30%
29%
28%
28%
Aucun quiz correspondant
Distribution des résultats
% des personnes avec chaque résultat
Percentile par nombre de réponses
Votre historique - résultats
Vous n’avez pas pris ce quiz